Guess the Beatles songs by the first 10 alphabetical words - Statistics

General Stats
  • This quiz has been taken 28 times
  • The average score is 7 of 15
Answer Stats
First ten words Song % Correct
armchair, bag, below, 'cause, coaster, Coca-Cola, come, cracker, disease, down. Come Together
79%
all, another, anyway, back, banker, barber, behind, beneath, blue, children. Penny Lane
75%
afraid, bad, begin, better, carry, colder, cool, down, feel, fool. Hey Jude
71%
all, been, clear, cold, comes, darling, faces, feel(s), here, I. Here Comes The Sun
63%
all, Allen, bloody, boy, choking, city, climbing, corn, Corporation, Crabalocker. I Am The Walrus
63%
feel(ing), hand, happy, hide, hold, I, inside, let, love, man. I Want To Hold Your Hand
58%
almost, apologise, bad, because, fair, glad, her, hurt(ing), I, kind. She Loves You
54%
agree, answer, broken, chance, cloudy, comes, darkness, find, front, hearted. Let It Be
50%
around, asking, attracts, believe, grow, her, how, I, know(s), leave. Something
46%
all, always, away, close, come, darlin', day, dreams, every, eyes. All My Loving
33%
always, I('ll), know, like, love, me, new, please, somebody, someone. Love Me Do
33%
all, away, believe, came, easy, far, game, go, half, hangin'. Yesterday
33%
baby, closer, come, fine, girl, goin', good, honey, I, just. Twist And Shout
29%
any(body), appreciate, assured, before, being, changed, days, done, doors, down. Help!
25%
about, all, always, bad, 'cause, closed, disagree, down, dream, easy. Strawberry Fields Forever
25%
No matching quizzes found
Score Distribution
Percent of People with Each Score
Percentile by Number Answered
Your Score History
You have not taken this quiz